| 000 | 00764nam a2200217Ia 4500 | ||
|---|---|---|---|
| 001 | 17687 | ||
| 003 | GE_BSU | ||
| 008 | 181216s||||||||xx |||||||||||||| ||und|| | ||
| 040 | _cGE_BSU | ||
| 080 | _a821.353.1-1 | ||
| 100 | _aკალანდაძე,გიორგი | ||
| 245 | _aცისკრად ამომავალი | ||
| 245 | _bლექსები | ||
| 245 | _cგ.ნატროშვილის წინასიტყვ.;რედ.:დილარ ივარდავა;მხატვ.:დავით დუნდუა. | ||
| 260 | _aთბილისი | ||
| 260 | _bსაბჭ.საქართველო | ||
| 260 | _c1974 | ||
| 300 | _a209გვ.;18სმ. | ||
| 653 | _aლექსები | ||
| 942 | _cBK | ||
| 999 |
_c50735 _d50735 |
||